[Event "IECG CA.2002.0.00058 email"]
[Site "IECG email"]
[Date "2002.06.29"]
[Round "?"]
[White "Chambers, Matthew"]
[Black "Tokarev, Vladimir A"]
[Result "0-1"]
[WhiteElo "2121"]
[BlackElo "2173"]
[PlyCount "68"]
[EventDate "2002.06.29"]
[EventType "tourn (corr)"]
[EventRounds "6"]
[SourceTitle "Corr 2008"]
[Source "ChessBase"]
[SourceDate "2008.06.24"]
[SourceVersion "1"]
[SourceVersionDate "2008.06.24"]
[SourceQuality "1"]

1. e4 c5 2. c3 e6 3. d4 cxd4 4. cxd4 d6 5. Nc3 a6 6. a4 Nf6 7. Bg5 Be7 8. Nf3 Nc6 9. Bd3 0-0 10. 0-0 h6 11. Be3 Bd7 12. h3 Nb4 13. Bb1 Rc8 14. Qe2 Re8 15. a5 d5 16. e5 Nh7 17. Nd2 f5 18. exf6 Nxf6 19. Bf4 Nc6 20. Nb3 Bb4 21. Bg6 Rf8 22. Qe3 Ne7 23. Bc2 Nf5 24. Qf3 Nh7 25. Rac1 Bxa5 26. Nxd5 Bc6 27. Bxf5 Rxf5 28. Nxa5 Bxd5 29. Rxc8 Qxc8 30. Qg3 Ng5 31. Rc1 Qf8 32. Bd6 Qe8 33. Nc4 Qc6 34. Bc5 Bxg2 0-1

[Event "IECG CA.2002.0.00058 email"]
[Site "IECG email"]
[Date "2002.06.29"]
[Round "?"]
[White "Tokarev, Vladimir A"]
[Black "Borst, John C"]
[Result "1/2-1/2"]
[WhiteElo "2173"]
[BlackElo "2076"]
[PlyCount "81"]
[EventDate "2002.06.29"]
[EventType "tourn (corr)"]
[EventRounds "6"]
[SourceTitle "Corr 2008"]
[Source "ChessBase"]
[SourceDate "2008.06.24"]
[SourceVersion "1"]
[SourceVersionDate "2008.06.24"]
[SourceQuality "1"]

1. e4 e5 2. Nf3 Nf6 3. Nxe5 d6 4. Nf3 Nxe4 5. d4 d5 6. Bd3 Bd6 7. 0-0 0-0 8. c4 c6 9. Re1 Bf5 10. Qb3 Na6 11. cxd5 cxd5 12. Nc3 Be6 13. Qd1 f5 14. Ng5 Bf7 15. Nf3 Bh5 16. Nxd5 Bxh2+ 17. Kxh2 Qxd5 18. Qa4 Kh8 19. Kg1 Bxf3 20. gxf3 Nec5 21. Qc4 Rad8 22. Qxd5 Rxd5 23. Bxa6 Nxa6 24. Re7 Nb4 25. Bf4 Nc6 26. Rxb7 Nxd4 27. Kg2 Ne6 28. Bh2 a6 29. Re1 Nc5 30. Ra7 Nd3 31. Ree7 Rg8 32. Rxa6 Nxb2 33. Be5 Nd3 34. f4 Ne1+ 35. Kf1 Nf3 36. a4 Nxe5 37. fxe5 h5 38. Kg2 Kh7 39. Kg3 Rc8 40. Kf4 Rc4+ 41. Kxf5 1/2-1/2

[Event "IECG CM.2001.0.00154"]
[Site "IECG email"]
[Date "2001.09.09"]
[Round "?"]
[White "Tokarev, Vladimir A"]
[Black "Ros, Antonio"]
[Result "1-0"]
[WhiteElo "2283"]
[BlackElo "2145"]
[PlyCount "81"]
[EventDate "2001.09.09"]
[EventType "tourn (corr)"]
[EventRounds "6"]
[SourceTitle "Corr 2008"]
[Source "ChessBase"]
[SourceDate "2008.06.24"]
[SourceVersion "1"]
[SourceVersionDate "2008.06.24"]
[SourceQuality "1"]

1. e4 e5 2. Nf3 Nc6 3. Bc4 Bc5 4. c3 Nf6 5. b4 Bb6 6. d3 d6 7. a4 a6 8. 0-0 h6 9. h3 0-0 10. Be3 Bxe3 11. fxe3 d5 12. exd5 Nxd5 13. Qd2 Qd6 14. Na3 Nf6 15. e4 Re8 16. Nh4 Bd7 17. Qa2 Nd8 18. a5 b5 19. axb6 Qxb6+ 20. Kh2 a5 21. Nc2 a4 22. Nf5 Bxf5 23. Rxf5 Re7 24. Raf1 Ra7 25. R5f3 c5 26. Rxf6 gxf6 27. Ne3 cxb4 28. Nd5 Qb8 29. Qd2 f5 30. Qxh6 Re6 31. Nf6+ Rxf6 32. Qxf6 f4 33. cxb4 Rb7 34. b5 Rb6 35. Qg5+ Kf8 36. Ra1 Rg6 37. Qh5 Qb6 38. Rxa4 Qf2 39. Qf3 Qh4 40. Ra2 Rg3 41. Qf2 1-0

[Event "IECG C1.2000.0.00315"]
[Site "IECG email"]
[Date "2000.10.27"]
[Round "?"]
[White "Tokarev, Vladimir A"]
[Black "Da Silva Filho, Alcindo Luz Bastos"]
[Result "0-1"]
[WhiteElo "2100"]
[BlackElo "2127"]
[PlyCount "66"]
[EventDate "2000.10.27"]
[EventType "tourn (corr)"]
[EventRounds "6"]
[SourceTitle "Corr 2008"]
[Source "ChessBase"]
[SourceDate "2008.06.24"]
[SourceVersion "1"]
[SourceVersionDate "2008.06.24"]
[SourceQuality "1"]

1. e4 c5 2. Nf3 Nc6 3. d4 cxd4 4. Nxd4 Nf6 5. Nc3 d6 6. Bg5 e6 7. Qd2 a6 8. 0-0-0 Bd7 9. f4 Be7 10. Nf3 b5 11. Bxf6 gxf6 12. g4 b4 13. Ne2 Qa5 14. Kb1 Rc8 15. h4 Qa4 16. Ng3 e5 17. f5 Rg8 18. g5 fxg5 19. b3 Qa5 20. hxg5 Nd4 21. Nxd4 Bxg5 22. Qh2 exd4 23. Qxh7 Rf8 24. Bc4 Qe5 25. Nh5 Bc6 26. Rde1 Be3 27. Bd3 Kd7 28. Ref1 d5 29. Rh4 dxe4 30. Bxe4 Bg5 31. Bxc6+ Rxc6 32. Rhh1 Qe4 33. Rh2 d3 0-1